Les Miserables - Prologue - Missing Lyrics - Statistics

General Stats
  • This quiz has been taken 148 times
  • The average score is 45 of 52
Answer Stats
Character Line % Correct
Before you let me {die}?
100%
Ensemble Look {down}. Look {down}
100%
Look {down}. Look {down}
100%
Ensemble Look {down}. Look {down}
100%
Ensemble Look {down}. Look {down}
100%
Ensemble Look {down}. Look {down}
100%
Ensemble Look {down}. Look {down}
100%
Ensemble Look {down}. Look {down}
100%
Look {down}. Look {down}
100%
Ensemble Look {down}. Look {down}
100%
Look {down}. Look {down}
100%
You're here until you {die}
100%
Don't look 'em in the {eye}
99%
Don't look 'em in the {eye}
99%
Do not forget {me}, 24601
94%
Valjean I stole a loaf of {bread}!
93%
Javert Now bring me prisoner {24601}
93%
Prisoner 4# When I get {free}
93%
Yes, {24601}
93%
Valjean Yes, it means I'm {free}
93%
You know what that {means}?
92%
You'll always be a {slave}
92%
You'll always be a {slave}
92%
You're standing in your {grave}
92%
You're standing in your {grave}
92%
Sweet Jesus, hear my {prayer}
91%
Unless you learn the meaning of the {law}
91%
Prisoner #2 I've done no {wrong}
90%
Valjean My name is {Jean} Valjean!
90%
Valjean My sister's {child} was close to death
90%
Do not forget my {name}
89%
Sweet Jesus doesn't {care}
89%
Javert {Five} years for what you did
88%
Javert You'll starve {again}
88%
Your time is up and your {parole}'s begun
88%
The rest because you tried to {run}
87%
Javert And I'm {Javert}
86%
And we were {starving}
86%
Valjean I broke a {window} pane
82%
Valjean I know the meaning of those {nineteen} years a slave of the law
80%
Prisoner 3# I know she'll {wait}
79%
There's {twenty} years to go
76%
They've all {forgotten} you
74%
Prisoner 5# How {long}, O Lord
73%
You won't {see} me
73%
I know that she'll be {true}
72%
It's {hot} as hell below
72%
You are a {thief}
66%
Javert You {robbed} a house
64%
'ere for {dust}
55%
Javert No. It means you get your yellow {ticket} of leave
55%
Prisoner #1 The {sun} is strong
53%
No matching quizzes found
Score Distribution
Percent of People with Each Score
Percentile by Number Answered
Your Score History
You have not taken this quiz